Poker en 4 lettres - Statistiques

Statistiques générales
  • Ce quiz a été pris 63 fois
  • Le résultat moyen est 10 sur 20
Statistiques - réponses
Description(s) Terme(s) en 4 lettres % Correct
Au poker, une ---- est formée par les cartes que le joueur détient, c'est-à-dire celles qu'il a en ----. MAIN / HAND
92%
Série de tournois étalés sur un mois et demi et se déroulant chaque année à Las Vegas, attribuant un bracelet à chaque vainqueur d'épreuve WSOP
77%
Quand la perte vous aveugle et que vous n'avez plus tous vos moyens, on dit être en ---- TILT
74%
Joueur de niveau faible ou simplement inférieur à celui d'un autre. N'oubliez pas : tout joueur de poker est le ---- d'un autre. FISH
66%
Mise obligatoire effectuée par tous les joueurs de la table avant la distribution des cartes. ANTE
58%
C'est le meilleur jeu possible, ou un jeu imbattable. NUTS
58%
Ne pas montrer sa main quand on sait qu'elle est moins bonne que celle de l'adversaire, et la rendre face cachée au croupier. "Fold" n'est pas accepté en réponse MUCK
55%
Indice comportemental permettant d'affiner son jugement sur le jeu de l'adversaire, en live. TELL
53%
Pseudonyme de Bertrand Grospellier, ancien pro gamer, et premier Français détenteur de la Triple Couronne (Titres WSOP, EPT et WPT) ELKY
49%
Prendre l'initiative en misant le premier au cours d'un tour d'enchères. Littéralement mener LEAD
49%
Coup gagné sans rien faire par un joueur de grosse blind quand tous les autres joueurs se sont couchés. WALK
45%
Avantage (théorique) d'un joueur sur un autre, concernant la manière de jouer. Avoir un ---- EDGE
43%
Prélèvement de l'organisateur d'une partie d'un pot de cash-game ou des inscriptions à un tournoi. RAKE
43%
Période jamais assez longue où tout réussit à un joueur, et pendant laquelle il accumule donc les gains. Être en plein ---- RUSH
34%
(Variante) dont le pot final est partagé entre le joueur possédant le jeu le plus fort (--) et le joueur possédant le jeu le plus bas (--) HI/LO
32%
C'est jouer sur une mauvaise décision, jeter ses jetons, réaliser un coup mal joué en jouant trop agressivement à une table de poker. SPEW
28%
Pourcentage de mains auxquelles prend part un joueur qui doit miser pour y participer VPIP
28%
Action d'un niveau avancé consistant à suivre en position une relance, dans le but d'induire un squeeze de la part d'un joueur dans les blinds, après quoi on envisage de le surrelancer. NYBR
26%
Dans une salle de poker live, et particulièrement au cours d'un tournoi, barrière ou corde qui sépare les tables de jeu des spectateurs. RAIL
21%
Pour deux joueurs d'un tournoi, accord consistant à s'engager à échanger une part de leurs potentiels gains futurs. "Deal" n'est pas accepté en réponse. SWAP
21%
Aucun quiz correspondant
Distribution des résultats
% des personnes avec chaque résultat
Percentile par nombre de réponses
Votre historique - résultats
Vous n’avez pas pris ce quiz